<?xml version="1.0" encoding="UTF-8"?>
<record
    xmlns:xsi="http://www.w3.org/2001/XMLSchema-instance"
    xsi:schemaLocation="http://www.loc.gov/MARC21/slim http://www.loc.gov/standards/marcxml/schema/MARC21slim.xsd"
    xmlns="http://www.loc.gov/MARC21/slim">

  <leader>01552cam a2200277 i 4500</leader>
  <controlfield tag="003">SA-RiAUC</controlfield>
  <controlfield tag="005">20251106065458.0</controlfield>
  <controlfield tag="008">251030q19001999su     g      000 0 ara c</controlfield>
  <datafield tag="040" ind1=" " ind2=" ">
    <subfield code="a">JO-AmJU</subfield>
    <subfield code="b">ara</subfield>
    <subfield code="c">SA-RiAUC</subfield>
    <subfield code="e">rda</subfield>
  </datafield>
  <datafield tag="082" ind1="0" ind2="4">
    <subfield code="a">249.7</subfield>
    <subfield code="q">SA-RiAUC</subfield>
  </datafield>
  <datafield tag="090" ind1=" " ind2=" ">
    <subfield code="a">249.7 </subfield>
    <subfield code="b">&#x646; &#x62F; &#x648;</subfield>
  </datafield>
  <datafield tag="100" ind1="1" ind2=" ">
    <subfield code="a">&#x627;&#x644;&#x646;&#x62F;&#x648;&#x64A;&#x60C; &#x639;&#x644;&#x64A; &#x627;&#x644;&#x62D;&#x633;&#x646;&#x64A;&#x60C;</subfield>
    <subfield code="d">1913-1999</subfield>
    <subfield code="e">&#x645;&#x624;&#x644;&#x641;.</subfield>
  </datafield>
  <datafield tag="245" ind1="1" ind2="2">
    <subfield code="a">&#x627;&#x644;&#x62D;&#x631;&#x643;&#x627;&#x62A; &#x627;&#x644;&#x647;&#x62F;&#x627;&#x645;&#x629; :</subfield>
    <subfield code="b">&#x627;&#x644;&#x642;&#x627;&#x62F;&#x64A;&#x627;&#x646;&#x64A;&#x629; /</subfield>
    <subfield code="c">&#x623;&#x628;&#x648; &#x627;&#x644;&#x62D;&#x633;&#x646; &#x639;&#x644;&#x64A; &#x627;&#x644;&#x62D;&#x633;&#x646;&#x64A; &#x627;&#x644;&#x646;&#x62F;&#x648;&#x64A;&#x60C; &#x623;&#x628;&#x648; &#x627;&#x644;&#x623;&#x639;&#x644;&#x649; &#x627;&#x644;&#x645;&#x648;&#x62F;&#x648;&#x62F;&#x64A;&#x60C; &#x645;&#x62D;&#x645;&#x62F; &#x627;&#x644;&#x62E;&#x636;&#x631; &#x62D;&#x633;&#x64A;&#x646;.</subfield>
  </datafield>
  <datafield tag="264" ind1=" " ind2="1">
    <subfield code="a">&#x645;&#x643;&#x629; &#x627;&#x644;&#x645;&#x643;&#x631;&#x645;&#x629; :</subfield>
    <subfield code="b">&#x631;&#x627;&#x628;&#x637;&#x629; &#x627;&#x644;&#x639;&#x627;&#x644;&#x645; &#x627;&#x644;&#x625;&#x633;&#x644;&#x627;&#x645;&#x64A;&#x60C;</subfield>
    <subfield code="c">[&#x628;&#x64A;&#x646; 1900 &#x648;1999]</subfield>
  </datafield>
  <datafield tag="300" ind1=" " ind2=" ">
    <subfield code="a">131 &#x635;&#x641;&#x62D;&#x629; &#x61B;</subfield>
    <subfield code="c">17 &#xD7; 12 &#x633;&#x645;</subfield>
  </datafield>
  <datafield tag="336" ind1=" " ind2=" ">
    <subfield code="a">&#x646;&#x635;</subfield>
    <subfield code="b">txt</subfield>
    <subfield code="2">rdacontent</subfield>
    <subfield code="3">&#x643;&#x62A;&#x627;&#x628;</subfield>
  </datafield>
  <datafield tag="337" ind1=" " ind2=" ">
    <subfield code="a">&#x628;&#x62F;&#x648;&#x646; &#x648;&#x633;&#x64A;&#x637;</subfield>
    <subfield code="b">n</subfield>
    <subfield code="2">rdamedia</subfield>
  </datafield>
  <datafield tag="338" ind1=" " ind2=" ">
    <subfield code="a">&#x645;&#x62C;&#x644;&#x62F;</subfield>
    <subfield code="b">nc</subfield>
    <subfield code="2">rdacarrier</subfield>
  </datafield>
  <datafield tag="505" ind1="0" ind2=" ">
    <subfield code="a">&#x627;&#x644;&#x645;&#x62D;&#x62A;&#x648;&#x64A;&#x627;&#x62A; : &#x627;&#x644;&#x631;&#x633;&#x627;&#x644;&#x629; &#x627;&#x644;&#x623;&#x648;&#x644;&#x649; : &#x644;&#x633;&#x645;&#x627;&#x62D;&#x629; &#x627;&#x644;&#x623;&#x633;&#x62A;&#x627;&#x630; &#x627;&#x644;&#x633;&#x64A;&#x62F; &#x623;&#x628;&#x64A; &#x627;&#x644;&#x62D;&#x633;&#x646; &#x639;&#x644;&#x64A; &#x627;&#x644;&#x62D;&#x633;&#x646;&#x64A; &#x627;&#x644;&#x646;&#x62F;&#x648;&#x64A;-&#x627;&#x644;&#x631;&#x633;&#x627;&#x644;&#x629; &#x627;&#x644;&#x62B;&#x627;&#x646;&#x64A;&#x629; : &#x644;&#x633;&#x645;&#x627;&#x62D;&#x629; &#x627;&#x644;&#x623;&#x633;&#x62A;&#x627;&#x630; &#x627;&#x644;&#x633;&#x64A;&#x62F; &#x623;&#x628;&#x64A; &#x627;&#x644;&#x623;&#x639;&#x644;&#x649; &#x627;&#x644;&#x645;&#x648;&#x62F;&#x648;&#x62F;&#x64A;-&#x627;&#x644;&#x631;&#x633;&#x627;&#x644;&#x629; &#x627;&#x644;&#x62B;&#x627;&#x644;&#x62B; : &#x644;&#x633;&#x645;&#x627;&#x62D;&#x629; &#x627;&#x644;&#x639;&#x644;&#x627;&#x645;&#x629; &#x627;&#x644;&#x623;&#x633;&#x62A;&#x627;&#x630; &#x645;&#x62D;&#x645;&#x62F; &#x627;&#x644;&#x62E;&#x636;&#x631; &#x62D;&#x633;&#x64A;&#x646;.</subfield>
  </datafield>
  <datafield tag="650" ind1=" " ind2="7">
    <subfield code="a">&#x627;&#x644;&#x642;&#x627;&#x62F;&#x64A;&#x627;&#x646;&#x64A;&#x629; (&#x641;&#x631;&#x642;&#x629; &#x625;&#x633;&#x644;&#x627;&#x645;&#x64A;&#x629;)</subfield>
    <subfield code="2">aucsh</subfield>
  </datafield>
  <datafield tag="650" ind1=" " ind2="7">
    <subfield code="a">&#x627;&#x644;&#x625;&#x644;&#x62D;&#x627;&#x62F; &#x648;&#x627;&#x644;&#x645;&#x644;&#x62D;&#x62F;&#x648;&#x646;</subfield>
    <subfield code="2">aucsh</subfield>
  </datafield>
  <datafield tag="700" ind1="1" ind2=" ">
    <subfield code="a">&#x627;&#x644;&#x645;&#x648;&#x62F;&#x648;&#x62F;&#x64A;&#x60C; &#x623;&#x628;&#x648; &#x627;&#x644;&#x623;&#x639;&#x644;&#x649;&#x60C;</subfield>
    <subfield code="d">1903-1979</subfield>
    <subfield code="e">&#x645;&#x624;&#x644;&#x641;.</subfield>
  </datafield>
  <datafield tag="700" ind1="0" ind2=" ">
    <subfield code="a">&#x645;&#x62D;&#x645;&#x62F; &#x627;&#x644;&#x62E;&#x636;&#x631; &#x62D;&#x633;&#x64A;&#x646;&#x60C;</subfield>
    <subfield code="d">1876-1958</subfield>
    <subfield code="e">&#x645;&#x624;&#x644;&#x641;.</subfield>
  </datafield>
  <datafield tag="942" ind1=" " ind2=" ">
    <subfield code="2">ddc</subfield>
    <subfield code="c">BOOK</subfield>
    <subfield code="n">0</subfield>
  </datafield>
  <datafield tag="949" ind1=" " ind2=" ">
    <subfield code="a">SA-JeALM</subfield>
    <subfield code="d">251030</subfield>
    <subfield code="u">mohamedma123</subfield>
    <subfield code="n">1</subfield>
  </datafield>
  <datafield tag="952" ind1=" " ind2=" ">
    <subfield code="0">0</subfield>
    <subfield code="1">0</subfield>
    <subfield code="2">ddc</subfield>
    <subfield code="4">0</subfield>
    <subfield code="7">0</subfield>
    <subfield code="a">WAHAB</subfield>
    <subfield code="b">WAHAB</subfield>
    <subfield code="d">2025-11-06</subfield>
    <subfield code="l">0</subfield>
    <subfield code="o">249.7  &#x646; &#x62F; &#x648;</subfield>
    <subfield code="p">000020854</subfield>
    <subfield code="r">2025-11-06 06:55:23</subfield>
    <subfield code="w">2025-11-06</subfield>
    <subfield code="y">BOOK</subfield>
  </datafield>
  <datafield tag="999" ind1=" " ind2=" ">
    <subfield code="c">13034</subfield>
    <subfield code="d">13034</subfield>
  </datafield>
</record>
